000 01126nam a2200229Ia 4500
003 Ost
005 20260507075803.0
008 260507s9999||||xx |||||||||||||| ||und||
020 _a9775784786
040 _cfsecg
041 _aara
082 _a381.142
100 _aحسين، فاروق سيد
_eمؤلف
245 0 _aالتجارة الالكترونية و تأمينها /
_c فاروق سيد حسين
260 _aمصر:
_bهلا للنشر ,
_c2001
300 _a156 صفحة؛
_bإيضاحات ؛
_c24 سم
520 _aيتناول الكتاب الامن ، نظام الدفع الالكتروني ،خدمات أمن الدفع ،اطار الدفع الالكتروني ، امن طبقة التطبيق ، بروتوكولات نقل غير تتابعي ، امن خادم الشبكة ، مفاهيم التجارة الالكترونية مؤسسة على الشبكة ، امن المحمول، امن البطاقة الذكية .
653 _aالبطاقة الذكية
653 _aالتجارة الإلكترونية
653 _aالدفع الالكتروني
942 _cكتاب
999 _c46337
_d46337